• 首页
  • 本馆介绍
  • 公告通知
  • 最新文献
  • 馆藏检索
  • 电子资源
  • 读者导购
  • 参考咨询
  • 我的图书馆
  • 登录
  • 详细信息显示
  • 放入我的书架
  • 预约/预借图书
  • 作者相关作品
  • 分类相关作品
  • 丛书相关作品
  • 出版社相关作品

书目信息

  • 表格格式
  • 工作单格式
  • 卡片格式
题名:
王国维文集
    
 
作者: 姚淦铭 编
分册: 第四卷  
出版信息: 北京   中国文史出版社  1997.05
页数: 470页
开本: 32开
丛书名:
单 册:
中图分类: C52
科图分类:
主题词: 社会科学--选集
电子资源:
ISBN: 7-5034-0856-1
000 00603nam0 2200205 45
001 0105170840
005 20031219104049.7
010    @a7-5034-0856-1@dCNY99.80
100    @a20010517d1997 km y0chiy0120 ea
101 0  @achi
105    @a z 000yy
200 1  @a王国维文集@h第四卷@AWang Guo Wei Wen Ji@f姚淦铭,王燕编@FYaoGan Ming,Wang Yan Bian
210    @a北京@c中国文史出版社@d1997.05
215    @a470页@d32开
600  0 @a王国维@f(1877~1927)@x文集
606 0  @a社会科学@x选集
690    @aC52@v4
701    @a姚淦铭@4编
801    @aCN@bTSTC@c20010517
905    @a213230@b297068-070@dC52@e104:4@f3
    
    王国维文集.第四卷/姚淦铭,王燕编.-北京:中国文史出版社,1997.05
    470页;32开
    
    
    ISBN 7-5034-0856-1:CNY99.80
    
●
相关链接 在E读中查询图书 在五车中查询图书 在当当中查询图书 在豆瓣中查询图书


正题名:王国维文集     索取号:C52/104:4         预约/预借

序号 登录号 条形码 馆藏地/架位号 状态 备注
1 0297068   202970687   第一借阅区/ [索取号:C52/104:4] 在馆    
2 0297069   202970696   密集书库/ [索取号:C52/104:4] 在馆    
3 0297070   202970703   第一样本阅览室/ [索取号:C52/104:4] 在馆    
唐山师范学院图书馆 欢迎您!
大连网信软件有限公司© 版权所有